000 00941nam0a2200301 i 4500
001 RU\NLR\bibl\2042290
005 20240723103612.0
010 _a9785699624553
_94000
021 _aRU
_b2013-21080
_9222д/13
035 _a(NLR Aleph) 002029563
090 _a4543824
_c4543824
100 _a20130611d2013 e y0rusy50 ca
101 0 _arus
102 _aRU
105 _ay |||||||||
200 1 _aЧего хотят парни?
_e[для старшего школьного возраста]
_fМакс Ярский
210 _aМосква
_cЭксмо
_d2013
215 _a314, [1] с.
_d21
225 1 _aMy love. Дневник обычного парня
320 _aДр. кн. авт.: с. 2
686 _aШ9(2)62=Р7-4
700 1 _aЯрский
_bМ.
_gМакс
_4070
801 0 _aRU
_bNLR
_c20130611
_gRCR
801 1 _aRU
_bNLR
_c20130611
942 _cBOOK
980 _aNBR